One earth

Bibliographic Details
Main Author: Brower, Kenneth
Format: Book
Published: San Francisco : Collins , 1990
Subjects:

MARC

LEADER 00000cam a2200000 7i4500
001 0000000967
002 000001075
005 20000330.0
020 |a 0006376606 
090 0 0 |a 363.730222   |b BRO 
100 0 |a Brower, Kenneth 
245 1 0 |a One earth   |c Kenneth Brower 
260 |a San Francisco :   |b Collins ,   |c 1990 
300 |a 192p ;   |c 29cm. 
650 0 0 |a Pollution   |x Pictorial works 
999 |a 030006   |b BUKU   |c RUJUKAN   |e PERPUSTAKAAN KOMUNITI PETALING JAYA